العروش والجيوش / (Record no. 11084)

MARC details
000 -الفاتح
حقل البيانات ثابتة الطول 01254nac a22003131i 4500
003 - محدد رقم الضبط
رقم الضبط EG-ScBUE
005 - وقت وتاريخ اخر تعامل مع التسجيلة
رقم الضبط 20240714092252.0
008 - عناصر البيانات ثابتة الطول - معلومات عامة
حقل البيانات ثابتة الطول 090318s2000 ua f 000 0 ara d
017 ## - رقم الإيداع القانونى
رقم الإيداع القانونى 2000 / 2204
020 ## - الرقم الدولى المعيارى للكتب
الرقم الدولى المعيارى للكتاب 9770906077
035 ## - رقم ضبط النظام
رقم ضبط النظام (CStRLIN)DCLN99-B2395
040 ## - مصدر الفهرسة
وكالة الفهرسة الأصلية EG-ScBUE
لغة الفهرسة ara
وكالة النسخ EG-ScBUE
قواعد الوصف rda
وكالة التعديل EG-ScBUE
043 ## - رمز المنطقة الجغرافية
رمز المنطقة الجغرافية awgz---
-- awba---
-- a-is---
082 04 - رقم تصنيف ديوى العشرى
رقم التصنيف 956.042
رقم المادة هـ ي ك
رقم الطبعة 22
100 1# - المدخل الرئيسى - إسم شخصى
الإسم الشخصى ‪هيكل، محمد حسنين،
التواريخ المصاحبة للاسم 1923-2016،
الدور مؤلف.
245 12 - بيان العنوان
العنوان العروش والجيوش /
بيان المسئوليه,etc محمد حسنين هيكل.
250 ## - بيان الطبعة
بيان الطبعة الطبعة الثانية.
264 #1 - النشر، التوزيع
مكان الناشر او الموزع القاهرة :
اسم الناشر او الموزع دار الشروق،
تاريخ النشر أو التوزيع 2000.
300 ## - الوصف المادى
التعداد 562 صفحة ؛
أبعاد الوعاء 24 سم
336 ## - نوع المحتوى
source rdacontent
Carrier Type Term نص
Content Type Code txt
337 ## - نوع الوسيط
Media Type Term بدون وسيط
source rdamedia
Media Type Code n
338 ## - نوع الحامل أو الناقل
Carrier Type Term مجلد
Carrier Type Code nc
source rdacarrier
505 2# - تبصرة محتويات-الفهرس
تبصرة المحتويات المصاغة الجزء الثاني. ازمة العروش صدمة الجيوش، يوميات الحرب (فلسطسن 1948).
650 #0 - المدخل الاضافى بالموضوع-مصطلح موضوعى
مصطلح موضوعي أو اسم جغرافي كعنصر مدخل النزاع العربي الإسرائيلي.
مصدر الرأس أو المصطلح BUEsh
9 (RLIN) 15086
650 #7 - المدخل الاضافى بالموضوع-مصطلح موضوعى
مصطلح موضوعي أو اسم جغرافي كعنصر مدخل حرب فلسطين 1948م.
مصدر الرأس أو المصطلح BUEsh
9 (RLIN) 14956
651 #7 - المدخل الاضافى بالموضوع - اسم جغرافى
9 (RLIN) 22013
الاسم الجغرافي فلسطين
التقسيم الفرعي العام تاريخ
التقسيم الفرعي الزمني العصر الحديث
-- الاحتلال الصهيوني.
مصدر الرأس أو المصطلح BUEsh
655 ## - مصطلح تكشيفى-نوع/شكل
التقسيم الفرعي الشكلي Reading book
942 ## - عناصر المدخل الإضافي( كوها)
Koha [default] item type Book - Borrowing
مصدر التصنيف او مخطط الترفيف Dewey Decimal Classification
Holdings
حالة التراجع حالة الفقد مصدر التصنيف او خطة الترفيف حالة تلف ليس للاعارة مجموعات كوها المكان الدائم المكان الحالي موقع الترفيف تاريخ الاكتساب Source of acquisition رقم الاستدعاء الباركود Date last seen مُعار نوع الوعاء
    Dewey Decimal Classification     Donation-Gift Central Library Central Library Second Floor 18/03/2009 Donation 956.042 هـ ي ك 000039413 15/07/2025 18/02/2018 Book - Borrowing